000 00778nam a2200217 a 4500
001 000035278
005 20200930074227.0
008 111027s1953 mx 000 0 spa d
040 _aDO-SdBNP
_bspa
_cBNPHU
082 _axxxx
100 1 _aLavalle, Louis
_961043
240 1 0 _aIntroduction l´ontologie
_lEspañol
245 1 0 _aIntroducción a la ontología /
_cLouis Lavalle ; traducción de José Gaos.
260 _aMéxico :
_bFondo de Cultura Económica,
_c1953.
300 _a137 p. ;
_c17 cm.
490 1 _aBreviarios del Fondo de Cultura Económica
_v85
500 _aInglés
590 _aPerteneció a la biblioteca personal de Juan Isidro Jimenes Grullón.
700 1 2 _aGaos, José
_etr.
_911342
830 0 _aBreviarios del Fondo de Cultura Económica
_n85
_961044
999 _c34769
_d34769